02022cam a22004574i 4500003000900000005001700009008004100026020001500067035002700082040003300109049000900142082002200151100003500173245011800208264005000326300006900376336002100445337002500466338002300491504002800514505035200542526001000894526001000904526001000914526001000924526000800934526000800942526000800950526000800958526000800966526000800974526000800982630005300990942001401043949012501057994001401182596000601196999015001202980005501352952015701407PE-LiUPU20250731173005.0150623s r 000 0 d a080102174X a(Sirsi) i9780801021749 aPE-LiUPUbspacPE-LiUPUerda aPRUA04a222.1061bA372211 aAlexander, T. Desmond,eautor.10aFrom paradise to the promised land: an introduction to the main themes of the Pentateuch /cT. desmond alexander. 1aGrand Rapids, Michigan :bBaker Books,c1998. a227 páginas :bilustraciones diagrs, mapas ;c23 centímetros atext2rdacontent aunmediated2rdamedia avolume2rdacarrier aIncluye bibliografía.0 aA Brief Survey of the Pntateuch.- The Royal Lineage in Genesis.- Paradise Lost.- The Blessing of the Nations.- By Faith Abraham.- Who is the Lord?.- The Passover.- The Convenant at Sinai.- The Tabernacle.- Be Holy.- The Sacrificial System.- The Clean and the Unclean Foods.- Towards the Promised Land.- Murmurings.- Love and Loyalty.- Why Isreal?. aSEG42 aSEG41 aSEG40 aSEG39 aP94 aP87 aP86 aP85 aP77 aP76 aP35 aBiblia.pA.T.xCrítica, interpretación, etc. 2ddccBOOK a222.1061 A37wDEWEYc1i45660lCCODEBUL1mBULr0sYtBOOKu2015-6-24xTEOLOGIAPP350COMPRAo.STAFF. Colección General aC0bPEPRU a1 a222.1061 A37wDEWEYc22536i45660f2021-11-9g5lCCODEBUL1mBULr0sYtBOOKu2015-6-24xTEOLOGIAPP350COMPRAo.STAFF. Colección Generald22536 81gALBERTO SANCHEZ Responsable de Automatización r2025-12-02 00:00:00i6l0o222.1061 A37p45660te1w2015-06-24xFTyBKzinventario-2023-12-13102ddc50708GENfP35aBULbBULcGENd2015-06-24eCOMPRA